000 00672nam a22002177a 4500
005 20251108165546.0
008 250721s1990 xx 000 0 ara d
082 1 4 _aم/320.15809/يوس
100 1 _aخوري، يوسف
245 1 0 _aالمشاريع الوحدوية العربية 1913-1989 :
_bدراسة توثيقية /
250 _aط2
264 1 _aبيروت :
_bمركز دراسات الوحدة العربية،
_c1990.
300 _a795ص
650 1 7 _aالوحدة العربية
650 1 7 _aالقومية
650 1 7 _aالتاريخ
650 1 7 _aالعرب
650 1 7 _aالنقد التاريخي
942 _2ddc
_cREF
999 _c30756
_d30756